000 01048cam a2200277 i 4500
999 _c8015
_d8015
001 991061262377206706
003 OSt
005 20250122111849.0
008 250110e202501 spc |||||| 000 0 cat|c
017 _aDL B 21964-2024
_bBiblioteca de Catalunya
020 _a9788497668606
040 _aES-ViU
_bcat
_erda
_cES-ViU
080 _a94
_x(460.23)
_x"1931/1939"
_x(089.3)
_22004
245 1 0 _aMirador indiscret :
_banècdotes, humor i xafarderies de la història petita de la Catalunya dels anys 30 /
_ctria dels textos i edició a cura de Carles Singla
246 3 0 _aAnècdotes, humor i xafarderies de la història petita de la Catalunya dels anys 30
264 1 _aVic :
_bEumo Editorial,
_c2025
300 _a259 pàgines ;
_c22 cm
490 1 _a[Punts de vista]
630 0 _94999
_aMirador (Revista)
_xHistòria
651 7 _aCatalunya
_xHistòria
_y1931-1939, Segona República.
_xAnècdotes
_2lemac
700 1 _aSingla Casellas, Carles
_93001
830 0 _aPunts de vista
908 _aUVic-UCC
940 _aUVic-UCC
942 _2udc
_cMON